000 00468nam a22001817a 4500
999 _c12161
_d12161
008 220608b 2013 ||||| |||| 00| 0 eng d
020 _a9780070144774
082 _a621
_bRAT
100 _aRattan, S. S.
245 _aTheory of machines
250 _a3rd ed.
260 _aNew Delhi
_bTata McGraw Hill Education (India) Pvt. Ltd.
_c2013
300 _axvi, 711p.
650 _aVelocity Analysis
650 _aFriction
650 _aLower pairs
942 _cGB